[Event "Bangkok Big Rook op"]
[Site "Bangkok"]
[Date "2024.02.25"]
[Round "5"]
[White "Rohland, Michael Karl"]
[Black "Habla, Jony"]
[Result "0-1"]
[WhiteElo "1858"]
[BlackElo "2186"]
[PlyCount "115"]
[EventDate "2024.02.23"]
[EventType "swiss"]
[EventRounds "7"]
[EventCountry "THA"]
[SourceTitle "CB10_2024"]
[SourceDate "2024.03.06"]
[SourceVersion "1"]
[SourceVersionDate "2024.03.06"]
[SourceQuality "1"]

1. e4 e5 2. Nc3 Nc6 3. f4 d6 4. Nf3 Bg4 5. Bb5 Nge7 6. h3 Bd7 7. d4 Ng6 8. d5 Nb8 9. f5 Nh4 10. Bf1 Nxf3+ 11. Qxf3 Be7 12. Bd2 a5 13. a4 Na6 14. Bc4 Nb4 15. Bb3 Na6 16. Nd1 Nc5 17. Nf2 b6 18. c4 h5 19. Bc2 Bg5 20. b3 Bxd2+ 21. Kxd2 Qg5+ 22. Kc3 c6 23. h4 Qf6 24. g4 cxd5 25. cxd5 b5 26. axb5 Bxb5 27. gxh5 Rc8 28. Kb2 Qh6 29. Rhd1 Rb8 30. Rxa5 Ba4 31. Ka3 Bxb3 32. Rxc5 dxc5 33. Bxb3 Qa6+ 34. Ba4+ Kd8 35. Qc3 Rb4 36. Qc2 Rh6 37. d6 Rxd6 38. Rxd6+ Qxd6 39. Nd3 Rxe4 40. Nxc5 Rxh4 41. Ka2 Ke7 42. Bb3 Rxh5 43. Qc4 Rxf5 44. Ne4 Qb6 45. Qa4 Rf4 46. Qa3+ Kd7 47. Nc5+ Kd8 48. Nd3 Rd4 49. Qf8+ Kc7 50. Qxf7+ Rd7 51. Qc4+ Kb8 52. Nb4 Ka7 53. Ba4 Rc7 54. Qe4 Qf2+ 55. Ka3 Rc3+ 56. Bb3 Qc5 57. Kb2 Re3 58. Nd3 0-1

[Event "Pattaya CAD op"]
[Site "Pattaya"]
[Date "2023.04.03"]
[Round "5"]
[White "Rohland, Michael Karl"]
[Black "Rajesh, Vasanthakumar"]
[Result "1/2-1/2"]
[WhiteElo "1691"]
[BlackElo "1809"]
[PlyCount "93"]
[EventDate "2023.04.01"]
[EventType "swiss"]
[EventRounds "7"]
[EventCountry "THA"]
[SourceTitle "CBM 213 Extra"]
[Source "ChessBase"]
[SourceDate "2023.05.31"]
[SourceVersion "1"]
[SourceVersionDate "2023.05.31"]
[SourceQuality "1"]

1. e4 c5 2. Nf3 d6 3. c4 e5 4. Be2 g6 5. d3 Bg7 6. Nc3 Ne7 7. Bd2 Nbc6 8. Qc1 h6 9. h3 f5 10. Nd5 f4 11. a3 0-0 12. b4 b6 13. b5 Nxd5 14. cxd5 Ne7 15. Bc3 g5 16. Nd2 Ng6 17. f3 h5 18. Qd1 Nh4 19. Kf2 Bh6 20. Nc4 a6 21. bxa6 Bxa6 22. a4 Bxc4 23. dxc4 Rf7 24. Qb3 Rfa7 25. Rhb1 Ra6 26. Bd1 Ng6 27. Bd2 Bf8 28. Qd3 Be7 29. Rb5 Qc7 30. Rab1 Bd8 31. a5 Qa7 32. Qb3 Rb8 33. Qa4 Qd7 34. Qa3 Bc7 35. Ba4 Qd8 36. Qb3 Ne7 37. Kg1 h4 38. Qb2 Rba8 39. Kf2 Nc8 40. axb6 Nxb6 41. Bb3 Kf7 42. Qc2 Kf6 43. Rb2 R8a7 44. Ra2 Qa8 45. Rxa6 Rxa6 46. Bc3 Qa7 47. Ke2 1/2-1/2